Sweden ... or Switzerland? - Statistics

General Stats
  • This quiz has been taken 3,101 times
    3,096 since last reset
  • The average score is 12 of 16
Answer Stats
Question Answer % Correct
Is located in Europe both
99%
Borders Germany Switzerland
98%
Its capital is not its biggest city Switzerland
95%
Its flag is a square Switzerland
93%
Is a monarchy Sweden
89%
Is part of the European Union Sweden
89%
Had overseas territories a long time ago Sweden
88%
Is subdivided into 26 cantons Switzerland
88%
Is considered the "birthplace" of Pippi Longstocking Sweden
85%
Has a neighboring country that starts with F both
82%
Is in the Top 10 of HDI both
80%
Has the longest railway tunnel in the world Switzerland
80%
Has more than one official language Switzerland
79%
Has recognized the State of Palestine Sweden
39%
Is made up of more than 25% immigrants Switzerland
32%
Is in the top five of the all-time medal table in Winter Olympics none
20%
No matching quizzes found
Score Distribution
Percent of People with Each Score
Percentile by Number Answered
Your Score History
You have not taken this quiz since the last reset